Meilleurs Buteurs de Ligue 1 depuis 2010 - Football - Statistiques

Statistiques générales
  • Ce quiz a été pris 301 fois
  • Le résultat moyen est 11 sur 20
Statistiques - réponses
Buts Nationalité Joueur % Correct
191 France Kylian Mbappé
99%
138 Uruguay Edison Cavani
98%
113 Suède Zlatan Ibrahimovic
97%
87 Canada Jonathan David
89%
82 Brésil Neymar
83%
161 France Alexandre Lacazette
80%
65 Colombie Radamal Falcao
71%
161 France Wissam Ben Yedder
63%
75 Tunisie Wahbi Khazri
61%
92 France Dimitri Payet
54%
63 Pays-Bas Memphis Depay
52%
86 France Florian Thauvin
50%
85 Algérie Andy Delort
36%
66 France Kévin Gameiro
33%
74 France Bafétimbi Gomis
29%
88 France Gaëtan Laborde
29%
61 France Valère Germain
24%
69 France Jimmy Briand
16%
73 France Nolan Roux
12%
63 France Romain Hamouma
6%
Aucun quiz correspondant
Distribution des résultats
% des personnes avec chaque résultat
Percentile par nombre de réponses
Votre historique - résultats
Vous n’avez pas pris ce quiz